| 000 | 00994nam a2200253Ia 4500 | ||
|---|---|---|---|
| 003 | GCL | ||
| 008 | 140319s9999 xx 000 0 ara d | ||
| 020 | _a6632215977 | ||
| 040 |
_aGCL / _cGCL |
||
| 082 | 0 | 4 |
_a922.1 _bس ا |
| 100 | 1 | _aسعد القاضى | |
| 245 | 1 | 0 |
_aالصحابى الجليل ابوهريرة رضى الله عنه / _cسعد القاضى |
| 700 | 1 | _aالثعالبى : ابومنصور عبدالملك بن محمد بن اسماعيل النيسابورى | |
| 260 |
_a[S.N] : _bدار الغرب الاسلامى ، _c2002 |
||
| 260 |
_aالقاهرة : _bدار غريب للطباعة والنشر والتوزيع ، _c2002 |
||
| 300 |
_a63 ص ؛ _c18 سم |
||
| 490 | _a | ||
| 650 | 0 | 4 | _aالادب العربى |
| 650 | 0 | 4 | _aابوهريرة ،عبدالرحمن بن صخر الدوسى |
| 650 | 0 | 4 | _aالاسلام - تراجم |
| 650 | 0 | 4 | _aالملوك والحكام فى الادب |
| 650 | 0 | 4 | _aالرجال - تراجم |
| 942 |
_2ddc _cBK |
||
| 999 |
_c55898 _d55898 |
||